Animal Idioms Quiz #1 - Statistics

General Stats
  • This quiz has been taken 42,994 times
  • The average score is 19 of 30
Answer Stats
Meaning Idiom % Correct
Fool's errand Wild {Goose} Chase
99%
Give a false alarm Cry {Wolf}
88%
Hottest part of the year {Dog} Days
88%
Easy target Sitting {Duck}
88%
To overeat {Pig} Out
85%
The one who gets the blame Scape{goat}
85%
Awesome! The {Bee}'s Knees
83%
Awesome! The {Cat}'s Pajamas
82%
Something that can create serious problems Can of {Worm}s
80%
Business or investment that produces a steady profit Cash {Cow}
78%
Roughhousing {Horse}play
78%
The daily grind of long hours, trying to get ahead {Rat} Race
77%
A lot of fun! Barrel of {Monkey}s
73%
Majority {Lion}'s Share
70%
Possession that is hard to maintain or get rid of White {Elephant}
69%
Misleading clue Red {Herring}
68%
Pool hustler Pool {Shark}
67%
Final public performance {Swan} Song
62%
Period of increasing stock prices {Bull} Market
60%
Feign death Play {Possum}
56%
Market for secondhand goods {Flea} Market
53%
UK Bachelorette party {Hen} Party
49%
Police informer Stool {Pigeon}
46%
Save for later {Squirrel} Away
43%
To admit that one was wrong Eat {Crow}
40%
Sham legal proceeding {Kangaroo} Court
38%
Become silent {Clam} Up
37%
Dominant force that can do as it pleases 800 lb. {Gorilla}
34%
Situated diagonally across an intersection {Kitty} Corner
32%
Frank business discussion Talk {Turkey}
31%
No matching quizzes found
Score Distribution
Percent of People with Each Score
Percentile by Number Answered
Your Score History
You have not taken this quiz